[Event "Ste-Foy - Tal"]
[Site "Ste Foy"]
[Date "2015.12.19"]
[Round "5"]
[White "L'Heureux, Clement"]
[Black "Sarra Bournet, Marc"]
[Result "0-1"]
[WhiteElo "1929"]
[BlackElo "1644"]
[PlyCount "84"]
[EventDate "2015.11.21"]
[EventType "swiss"]
[EventRounds "5"]
[EventCountry "CAN"]
[SourceTitle "EXT 2019"]
[Source "ChessBase"]
[SourceDate "2018.10.10"]
[SourceVersion "1"]
[SourceVersionDate "2018.10.10"]
[SourceQuality "1"]

1. e4 e5 2. Nf3 Nc6 3. Bc4 Bc5 4. c3 Nf6 5. d4 exd4 6. cxd4 Bb4+ 7. Nc3 Nxe4 8. d5 Nxc3 9. bxc3 Bxc3+ 10. Bd2 Qe7+ 11. Be2 Bxa1 12. Qxa1 0-0 13. dxc6 dxc6 14. Qc3 Bf5 15. Be3 Rfe8 16. 0-0 c5 17. Bb5 c6 18. Bxc5 Qe4 19. Bc4 Qc2 20. Qb4 b6 21. Be3 c5 22. Qb3 Qxb3 23. Bxb3 Bd3 24. Rc1 h6 25. Bf4 Rac8 26. Ne5 c4 27. Ba4 Red8 28. Nc6 Rd7 29. Re1 Kf8 30. Nb8 Rd4 31. Bg3 c3 32. Nc6 Rxa4 33. Bd6+ Kg8 34. Ne7+ Kh7 35. Nxc8 Rxa2 36. Be5 c2 37. Bd4 Ra4 38. Be3 b5 39. Nxa7 b4 40. f3 b3 41. Bc1 Ra1 42. Kf2 Rxc1 0-1

[Event "Quebec Montcalm"]
[Site "Quebec"]
[Date "2006.05.25"]
[Round "5"]
[White "Caron, Sebastien"]
[Black "L'Heureux, Clement"]
[Result "0-1"]
[WhiteElo "1912"]
[BlackElo "1912"]
[PlyCount "54"]
[EventDate "2006.05.??"]
[EventType "tourn"]
[EventRounds "5"]
[EventCountry "CAN"]
[SourceTitle "EXT 2007"]
[Source "ChessBase"]
[SourceDate "2006.11.23"]
[SourceVersion "1"]
[SourceVersionDate "2006.11.23"]
[SourceQuality "1"]

1. e4 e5 2. Nf3 Nc6 3. Bb5 Bc5 4. 0-0 Nd4 5. Nxd4 Bxd4 6. c3 Bb6 7. d3 c6 8. Ba4 d6 9. Nd2 Nf6 10. h3 0-0 11. Nf3 Qe7 12. Qe2 h6 13. Nh2 a5 14. Bd1 Be6 15. Be3 Bxe3 16. Qxe3 g5 17. Ng4 Kg7 18. Nxf6 Qxf6 19. Bb3 a4 20. Bxe6 Qxe6 21. Qg3 f5 22. f4 exf4 23. Rxf4 a3 24. Rxf5 Rxf5 25. exf5 axb2 26. Rb1 Qxa2 27. Qe1 Qxb1 0-1

[Event "Quebec Montcalm op 5th"]
[Site "Quebec"]
[Date "2006.03.08"]
[Round "4"]
[White "L'Heureux, Clement"]
[Black "Caron, Sebastien"]
[Result "1/2-1/2"]
[WhiteElo "1927"]
[BlackElo "1920"]
[PlyCount "44"]
[EventDate "2006.02.16"]
[EventType "swiss"]
[EventRounds "5"]
[EventCountry "CAN"]
[SourceTitle "EXT 2007"]
[Source "ChessBase"]
[SourceDate "2006.11.23"]
[SourceVersion "1"]
[SourceVersionDate "2006.11.23"]
[SourceQuality "1"]

1. d4 Nf6 2. c4 c5 3. d5 b5 4. cxb5 a6 5. b6 Qxb6 6. Nf3 d6 7. Nc3 Nbd7 8. e4 g6 9. h3 Bg7 10. a4 Rb8 11. Be2 Qb3 12. 0-0 Qxd1 13. Rxd1 0-0 14. Rb1 Ne8 15. Bd2 Ne5 16. Ne1 f5 17. f4 Nf7 18. exf5 Bd4+ 19. Kh2 Bxf5 20. Bd3 Bxd3 21. Nxd3 Nf6 22. Ne2 Nxd5 1/2-1/2

[Event "Quebec Montcalm op 4th"]
[Site "Quebec"]
[Date "2006.01.19"]
[Round "2"]
[White "L'Heureux, Clement"]
[Black "Lapierre, Gaetan"]
[Result "1-0"]
[WhiteElo "1930"]
[BlackElo "1866"]
[PlyCount "75"]
[EventDate "2006.01.12"]
[EventType "swiss"]
[EventRounds "5"]
[EventCountry "CAN"]
[SourceTitle "EXT 2007"]
[Source "ChessBase"]
[SourceDate "2006.11.23"]
[SourceVersion "1"]
[SourceVersionDate "2006.11.23"]
[SourceQuality "1"]

1. d4 Nf6 2. Nc3 d5 3. Bg5 Nbd7 4. Qd3 a6 5. e4 dxe4 6. Nxe4 e6 7. 0-0-0 Be7 8. Nxf6+ Nxf6 9. Be2 h6 10. Bh4 c5 11. Nf3 b5 12. Bxf6 gxf6 13. Qe4 Bd7 14. dxc5 Rc8 15. Nd4 Rxc5 16. Nb3 Re5 17. Qg4 Rg5 18. Qe4 Re5 19. Qg4 Rg5 20. Qf3 Rf5 21. Qe3 Qc7 22. Bf3 Bc8 23. Kb1 a5 24. Be4 Rg5 25. f4 Rg7 26. Nd4 Qc5 27. Qb3 Ba6 28. g3 0-0 29. Nxe6 fxe6 30. Qxe6+ Kh8 31. Qxa6 f5 32. Rd5 Qc4 33. Bxf5 Rxf5 34. Rxf5 Qe4 35. Qc8+ Rg8 36. Qc3+ Bf6 37. Qxf6+ Kh7 38. Rd1 1-0

[Event "Quebec Montcalm-ch"]
[Site "Quebec"]
[Date "2006.01.07"]
[Round "3"]
[White "L'Heureux, Clement"]
[Black "Berube, Antoine"]
[Result "0-1"]
[WhiteElo "1918"]
[BlackElo "2052"]
[PlyCount "36"]
[EventDate "2006.01.06"]
[EventType "swiss"]
[EventRounds "5"]
[EventCountry "CAN"]
[SourceTitle "EXT 2007"]
[Source "ChessBase"]
[SourceDate "2006.11.23"]
[SourceVersion "1"]
[SourceVersionDate "2006.11.23"]
[SourceQuality "1"]

1. e4 c5 2. Nf3 d6 3. d4 cxd4 4. Nxd4 Nf6 5. Nc3 a6 6. Bg5 e6 7. f4 b5 8. e5 dxe5 9. fxe5 Qc7 10. Qe2 Nfd7 11. 0-0-0 Nc6 12. Nxc6 Qxc6 13. Qd3 Qc7 14. Qg3 Bb7 15. h4 b4 16. Ne2 Rc8 17. Nd4 Bc5 18. Nb3 Be3+ 0-1

[Event "Quebec Montcalm op 3rd"]
[Site "Quebec"]
[Date "2005.12.07"]
[Round "4"]
[White "L'Heureux, Clement"]
[Black "Potvin, Alain Nicolas"]
[Result "1-0"]
[WhiteElo "1951"]
[BlackElo "1801"]
[PlyCount "39"]
[EventDate "2005.11.17"]
[EventType "swiss"]
[EventRounds "5"]
[EventCountry "CAN"]
[SourceTitle "EXT 2007"]
[Source "ChessBase"]
[SourceDate "2006.11.23"]
[SourceVersion "1"]
[SourceVersionDate "2006.11.23"]
[SourceQuality "1"]

1. d4 g6 2. Nc3 Bg7 3. Bg5 d6 4. Qd2 c6 5. e3 Qa5 6. h4 h6 7. Bf4 b5 8. Nf3 Nf6 9. Bd3 Nbd7 10. a3 e5 11. dxe5 dxe5 12. Nxe5 Nxe5 13. Bxe5 b4 14. Bxf6 Bxf6 15. Ne4 Bxb2 16. Rb1 Bxa3 17. Bc4 0-0 18. Qd4 Rd8 19. Qf6 Qc7 20. Qxg6+ 1-0

[Event "Quebec Carnaval op"]
[Site "Quebec"]
[Date "2005.02.20"]
[Round "5"]
[White "Marquis, Paul"]
[Black "L'Heureux, Clement"]
[Result "1/2-1/2"]
[WhiteElo "1895"]
[BlackElo "1924"]
[PlyCount "85"]
[EventDate "2005.02.??"]
[EventType "swiss"]
[EventRounds "5"]
[EventCountry "CAN"]
[SourceTitle "EXT 2006"]
[Source "ChessBase"]
[SourceDate "2005.11.24"]
[SourceVersion "1"]
[SourceVersionDate "2005.11.24"]
[SourceQuality "1"]

1. e4 e5 2. Nf3 Nc6 3. Bb5 a6 4. Ba4 Nf6 5. 0-0 Be7 6. Re1 b5 7. Bb3 d6 8. c3 0-0 9. h3 Na5 10. Bc2 c5 11. d4 Qc7 12. Nbd2 Bd7 13. Nf1 Rfe8 14. d5 Nb7 15. Ng3 g6 16. Bg5 Kh8 17. Qd2 Ng8 18. Nh2 f6 19. Be3 Nd8 20. b4 c4 21. a4 Nf7 22. Ra3 Qb7 23. Rea1 Reb8 24. f3 Bd8 25. axb5 axb5 26. Ra7 Rxa7 27. Rxa7 Qc8 28. Qc1 Ra8 29. Qa3 Rxa7 30. Qxa7 Bc7 31. Ne2 Nd8 32. Bb6 Bxb6+ 33. Qxb6 Nf7 34. Qa7 Ne7 35. Ng4 Kg7 36. Ne3 Kf8 37. g4 Ng8 38. Ng3 Ke8 39. Nef1 Kd8 40. Nd2 Qc7 41. Qa6 Qc8 42. Qa5+ Qc7 43. Qa6 1/2-1/2

[Event "Quebec Montcalm op 1st"]
[Site "Quebec"]
[Date "2005.01.08"]
[Round "2"]
[White "L'Heureux, Clement"]
[Black "Tremblay, Rejean"]
[Result "0-1"]
[WhiteElo "1999"]
[BlackElo "2164"]
[PlyCount "114"]
[EventDate "2005.09.25"]
[EventType "swiss"]
[EventRounds "5"]
[EventCountry "CAN"]
[SourceTitle "EXT 2006"]
[Source "ChessBase"]
[SourceDate "2005.11.24"]
[SourceVersion "1"]
[SourceVersionDate "2005.11.24"]
[SourceQuality "1"]

1. d4 Nf6 2. c4 g6 3. f3 Bg7 4. Nc3 0-0 5. e4 d6 6. Be3 Nbd7 7. Qd2 c5 8. Nge2 a6 9. Nc1 cxd4 10. Bxd4 Ne5 11. Bxe5 dxe5 12. Qxd8 Rxd8 13. Nd3 Rd4 14. Nc5 e6 15. Rd1 Bf8 16. Nb3 Rxd1+ 17. Nxd1 Nd7 18. Ne3 Kg7 19. Bd3 Nc5 20. Bc2 Na4 21. Nd1 Bd7 22. Nc1 Nb6 23. b3 Bc6 24. Nd3 Nd7 25. Ne3 a5 26. Ke2 f6 27. Rd1 Nc5 28. a4 Nxd3 29. Bxd3 Bc5 30. Rc1 Kf7 31. Rc2 f5 32. g3 Rd8 33. h3 Rd4 34. Nd5 b6 35. Nc3 Bb4 36. Ke3 Bc5 37. Ke2 Bb4 38. Ke3 Bc5 39. Ke2 Kf6 40. Rc1 Bb4 41. Nb5 Rd7 42. Rd1 Bc5 43. Bc2 Rxd1 44. Kxd1 Bf2 45. g4 Kg5 46. Ke2 Bc5 47. Nc7 Bd7 48. Kf1 Kf4 49. gxf5 gxf5 50. exf5 exf5 51. Kg2 Ke3 52. Nd5+ Kd2 53. Bb1 h6 54. Nf6 Be6 55. Ne8 f4 56. Ng7 Bf7 57. Be4 Kc3 0-1

[Event "Quebec Montcalm op 5th"]
[Site "Quebec"]
[Date "2005.??.??"]
[Round "3"]
[White "L'Heureux, Clement"]
[Black "Bender, Karl"]
[Result "1/2-1/2"]
[WhiteElo "1924"]
[BlackElo "1598"]
[PlyCount "81"]
[EventDate "2005.??.??"]
[EventType "swiss"]
[EventRounds "5"]
[EventCountry "CAN"]
[SourceTitle "EXT 2006"]
[Source "ChessBase"]
[SourceDate "2005.11.24"]
[SourceVersion "1"]
[SourceVersionDate "2005.11.24"]
[SourceQuality "1"]

1. e4 c5 2. d3 Nc6 3. f4 d6 4. g3 g6 5. Nf3 Bg4 6. h3 Bxf3 7. Qxf3 Nd4 8. Qd1 Bg7 9. Nc3 Nf6 10. Be3 Nh5 11. Bf2 a6 12. Bg2 Rb8 13. Qd2 b5 14. 0-0 b4 15. Nd1 Nb5 16. g4 Nf6 17. Be3 Nd7 18. Kh1 0-0 19. c3 bxc3 20. bxc3 Qa5 21. Rc1 Nb6 22. Rf2 Na4 23. c4 Qxd2 24. Bxd2 Nd4 25. Nc3 Nxc3 26. Bxc3 Ne6 27. f5 Nd4 28. h4 Be5 29. Bxd4 Bxd4 30. Re2 Rb2 31. Rxb2 Bxb2 32. Rb1 Rb8 33. a3 Kf8 34. Bf3 Ke8 35. g5 a5 36. h5 Kd8 37. Bg4 Kc7 38. fxg6 hxg6 39. hxg6 fxg6 40. a4 Be5 41. Rxb8 1/2-1/2

[Event "Quebec-ch qual3"]
[Site "Quebec"]
[Date "2005.??.??"]
[Round "3"]
[White "L'Heureux, Clement"]
[Black "Caron, Sebastien"]
[Result "1-0"]
[WhiteElo "1850"]
[BlackElo "1880"]
[PlyCount "93"]
[EventDate "2005.05.13"]
[EventType "swiss"]
[EventRounds "5"]
[EventCountry "CAN"]
[SourceTitle "CBM 106 Extra"]
[Source "ChessBase"]
[SourceDate "2005.07.01"]
[SourceVersion "1"]
[SourceVersionDate "2005.07.01"]
[SourceQuality "1"]

1. d4 Nf6 2. c4 d6 3. g3 g6 4. Bg2 Bg7 5. Nc3 c6 6. Nf3 0-0 7. 0-0 Nbd7 8. Qc2 Rb8 9. e3 e5 10. b3 h6 11. Ba3 Ne8 12. Rad1 f5 13. dxe5 Nxe5 14. Nxe5 Bxe5 15. f4 Qa5 16. Na4 Bg7 17. Bxd6 Nxd6 18. Rxd6 Re8 19. e4 b5 20. Nc5 Qb4 21. Qf2 fxe4 22. Bxe4 bxc4 23. Bxc6 Bh3 24. Rfd1 Bg4 25. Na6 Qc3 26. Bxe8 Rxe8 27. Rd8 Kh7 28. Rxe8 Bxd1 29. Re7 cxb3 30. axb3 Qa1 31. Kg2 Bxb3 32. Nb4 a5 33. f5 Qf6 34. fxg6+ Kxg6 35. Qe3 Qb2+ 36. Kh3 axb4 37. Qe4+ Kf6 38. Qh4+ Kg6 39. Qg4+ Kh7 40. Qf5+ Kh8 41. Re8+ Bg8 42. Qf7 Bf8 43. Qxf8 Qg7 44. Qd6 h5 45. Re7 Qg4+ 46. Kg2 Bh7 47. Qf6+ 1-0

[Event "Quebec Montcalm op 2nd"]
[Site "Quebec"]
[Date "2004.10.14"]
[Round "1"]
[White "Plante, Rejean"]
[Black "L'Heureux, Clement"]
[Result "1/2-1/2"]
[WhiteElo "2052"]
[BlackElo "1981"]
[PlyCount "103"]
[EventDate "2004.10.14"]
[EventType "swiss"]
[EventRounds "5"]
[EventCountry "CAN"]
[SourceTitle "EXT 2006"]
[Source "ChessBase"]
[SourceDate "2005.11.24"]
[SourceVersion "1"]
[SourceVersionDate "2005.11.24"]
[SourceQuality "1"]

1. c4 e5 2. Nc3 Bb4 3. g3 Nf6 4. Bg2 0-0 5. d3 d5 6. cxd5 Nxd5 7. Bd2 c6 8. Nf3 Bxc3 9. bxc3 Nd7 10. 0-0 Qe7 11. c4 N5f6 12. a4 Rd8 13. Ba5 Re8 14. Nd2 Rb8 15. Bc3 Nf8 16. Qb1 Qc7 17. a5 Bf5 18. Qb2 N8d7 19. Qa3 e4 20. d4 Bg4 21. f3 exf3 22. exf3 Bf5 23. Rfe1 Rxe1+ 24. Rxe1 Re8 25. Rxe8+ Nxe8 26. Qe7 Ndf6 27. Qe3 Qd7 28. Ne4 Qe6 29. Nxf6+ Nxf6 30. Qxe6 Bxe6 31. Bf1 Kf8 32. Bb4+ Ke8 33. Bc5 a6 34. Kf2 Kd7 35. Bf8 Ne8 36. Bd3 g6 37. Ke3 Nd6 38. Bxd6 Kxd6 39. Kf4 h6 40. h4 f6 41. Ke3 g5 42. Kd2 Bh3 43. Kc3 Bg2 44. f4 Bh3 45. Be4 gxf4 46. gxf4 Ke6 47. d5+ Kd6 48. Kd4 c5+ 49. Kc3 Bg4 50. Bg6 Ke7 51. Kd3 Kd6 52. Kc3 1/2-1/2

[Event "Quebec Montcalm op"]
[Site "Quebec"]
[Date "2001.03.04"]
[Round "5"]
[White "Dion, Jean Francois"]
[Black "L'Heureux, Clement"]
[Result "0-1"]
[WhiteElo "1799"]
[BlackElo "1903"]
[PlyCount "97"]
[EventDate "2001.03.02"]
[EventType "swiss"]
[EventRounds "5"]
[EventCountry "CAN"]
[SourceTitle "EXT 2009"]
[Source "ChessBase"]
[SourceDate "2008.11.26"]
[SourceVersion "1"]
[SourceVersionDate "2008.11.26"]
[SourceQuality "1"]

1. d4 Nf6 2. Nf3 e6 3. Bf4 d5 4. e3 a6 5. Nbd2 c6 6. Bd3 Bd6 7. Bxd6 Qxd6 8. c3 Nbd7 9. Qc2 h6 10. e4 dxe4 11. Nxe4 Nxe4 12. Bxe4 Nf6 13. Ne5 0-0 14. 0-0 Bd7 15. Rad1 a5 16. f4 Rfe8 17. Qe2 Re7 18. Bb1 Be8 19. Qc2 g6 20. Qd3 Rc7 21. g4 Rd8 22. f5 exf5 23. gxf5 g5 24. Qf3 Kg7 25. Ng4 Nxg4 26. Qxg4 f6 27. Rfe1 Bf7 28. Re3 Re7 29. Rde1 Rde8 30. Qf3 c5 31. Rxe7 Rxe7 32. Rxe7 Qxe7 33. Qe4 Qd6 34. dxc5 Qxc5+ 35. Qd4 Qe5 36. Qe4 Bd5 37. Qxe5 fxe5 38. Kf2 Kf6 39. Ke3 g4 40. b3 h5 41. c4 Bc6 42. a3 b6 43. b4 axb4 44. axb4 h4 45. Be4 Bxe4 46. Kxe4 h3 47. c5 bxc5 48. bxc5 g3 49. c6 0-1